[Event "Mittelfrank Regionalliga Sud-West 2223"]
[Site "Mittelfranken"]
[Date "2023.03.05"]
[Round "7.4"]
[White "Beck, Gerald1111"]
[Black "Lagasse, Pascal"]
[Result "0-1"]
[WhiteElo "1929"]
[BlackElo "1979"]
[PlyCount "68"]
[EventDate "2022.10.09"]
[EventType "team-tourn"]
[EventRounds "9"]
[EventCountry "GER"]
[SourceTitle "EXT 2024"]
[Source "ChessBase"]
[SourceDate "2023.10.10"]
[SourceVersion "1"]
[SourceVersionDate "2023.10.10"]
[SourceQuality "1"]
[WhiteTeam "Haunstetten II"]
[BlackTeam "Kempten"]
[WhiteTeamCountry "GER"]
[BlackTeamCountry "GER"]

1. c4 Nf6 2. g3 e6 3. Bg2 c5 4. Nf3 Qc7 5. 0-0 Be7 6. b3 0-0 7. Bb2 b6 8. Ng5 Bb7 9. Qc2 g6 10. Qc3 Bxg2 11. Kxg2 Qb7+ 12. f3 d5 13. cxd5 exd5 14. e4 d4 15. Qc2 Nc6 16. d3 Nb4 17. Qd2 Nd7 18. Nh3 Ne5 19. Nf2 f5 20. a3 fxe4 21. dxe4 Nxf3 22. Qe2 Qa6 23. Qd1 Nc6 24. Nd2 Nfe5 25. Nh3 Rxf1 26. Qxf1 Qd3 27. Qxd3 Nxd3 28. Rb1 Rf8 29. Ba1 Nce5 30. Rf1 Rxf1 31. Nxf1 Ne1+ 32. Kf2 Nc2 33. Bb2 Nd3+ 34. Ke2 Nxb2 0-1

[Event "Mittelfrank Regionalliga Sud-West 2223"]
[Site "Mittelfranken"]
[Date "2022.11.27"]
[Round "3.5"]
[White "Brugger, Hans"]
[Black "Lagasse, Pascal"]
[Result "1/2-1/2"]
[WhiteElo "1988"]
[BlackElo "1979"]
[PlyCount "74"]
[EventDate "2022.10.09"]
[EventType "team-tourn"]
[EventRounds "9"]
[EventCountry "GER"]
[SourceTitle "EXT 2024"]
[Source "ChessBase"]
[SourceDate "2023.10.10"]
[SourceVersion "1"]
[SourceVersionDate "2023.10.10"]
[SourceQuality "1"]
[WhiteTeam "Marktoberdorf"]
[BlackTeam "Kempten"]
[WhiteTeamCountry "GER"]
[BlackTeamCountry "GER"]

1. d4 Nf6 2. Bg5 d5 3. Nd2 e6 4. e3 Be7 5. Bd3 h6 6. Bh4 Nbd7 7. f4 c5 8. c3 c4 9. Bc2 b5 10. Ngf3 a5 11. Ne5 Qc7 12. 0-0 Ba6 13. Qf3 0-0 14. Qh3 Nxe5 15. fxe5 Nh7 16. Nf3 Bxh4 17. Qxh4 b4 18. Rf2 Bb5 19. e4 Bc6 20. exd5 Bxd5 21. Bxh7+ Kxh7 22. Ng5+ Kg8 23. Ne4 Bxe4 24. Qxe4 Rab8 25. Raf1 Qb7 26. Qg4 Qe7 27. Rf6 Kh8 28. Qh4 Kg8 29. Qg4 bxc3 30. bxc3 Qa3 31. Rxh6 Qxc3 32. Rh3 Qd2 33. Rd1 Qc2 34. Qh5 f5 35. Rf1 Rb1 36. Qh7+ Kf7 37. Qh5+ Kg8 1/2-1/2

[Event "Mittelfrank Regionalliga Sud-West 2122"]
[Site "Mittelfranken"]
[Date "2022.04.03"]
[Round "7.5"]
[White "Kowalewski, Przemyslaw"]
[Black "Lagasse, Pascal"]
[Result "0-1"]
[WhiteElo "1829"]
[BlackElo "1967"]
[PlyCount "88"]
[EventDate "2021.10.24"]
[EventType "team-tourn"]
[EventRounds "9"]
[EventCountry "GER"]
[SourceTitle "EXT 2024"]
[Source "ChessBase"]
[SourceDate "2023.10.10"]
[SourceVersion "1"]
[SourceVersionDate "2023.10.10"]
[SourceQuality "1"]
[WhiteTeam "Haunstetten II"]
[BlackTeam "Kempten"]
[WhiteTeamCountry "GER"]
[BlackTeamCountry "GER"]

1. e4 c5 2. Nf3 d6 3. d4 cxd4 4. Nxd4 Nf6 5. Bd3 Nc6 6. c3 e5 7. Nc2 d5 8. Qe2 dxe4 9. Bxe4 Nxe4 10. Qxe4 Be6 11. 0-0 Qd5 12. Nd2 Qxe4 13. Nxe4 Be7 14. Re1 0-0 15. f3 Rfd8 16. Ne3 b5 17. g4 b4 18. Bd2 g6 19. Red1 f5 20. Nf2 Bc5 21. cxb4 Nxb4 22. Bxb4 Bxe3 23. gxf5 gxf5 24. b3 Kf7 25. Kf1 Rg8 26. Ke2 f4 27. Rg1 Rgc8 28. Rgd1 Rc2+ 29. Bd2 Rd8 30. Ne4 Bf5 31. Ke1 Bxe4 32. Bxe3 Rxd1+ 33. Kxd1 Rxh2 34. Bg1 Bxf3+ 35. Ke1 Re2+ 36. Kf1 a6 37. b4 Rb2 38. Bc5 h5 39. Bd6 Ke6 40. Bc5 h4 41. a4 h3 42. Bg1 Rxb4 43. Ra2 Bd5 44. Ra3 Bg2+ 0-1

[Event "Quebec op"]
[Site "Montreal"]
[Date "1990.08.09"]
[Round "6"]
[White "Levtchouk, George"]
[Black "Lagasse, Pascal"]
[Result "1-0"]
[WhiteElo "2284"]
[BlackElo "1994"]
[PlyCount "70"]
[EventDate "1990.08.04"]
[EventType "swiss"]
[EventRounds "8"]
[EventCountry "CAN"]
[SourceTitle "EXT 2022"]
[Source "ChessBase"]
[SourceDate "2021.10.06"]
[SourceVersion "1"]
[SourceVersionDate "2021.10.06"]
[SourceQuality "1"]

1. d4 Nf6 2. c4 c5 3. d5 e6 4. Nc3 exd5 5. cxd5 d6 6. Nf3 g6 7. Bg5 a6 8. Nd2 h6 9. Bh4 g5 10. Bg3 Nh5 11. a4 Nxg3 12. hxg3 Bg7 13. Nc4 Bf5 14. Qb3 0-0 15. e3 Qe7 16. Qb6 Rd8 17. Be2 Rd7 18. a5 Qf8 19. 0-0 Bf6 20. Qb3 Rd8 21. f4 g4 22. Qd1 h5 23. Bd3 Bxd3 24. Qxd3 Bxc3 25. bxc3 Nd7 26. Rab1 Rab8 27. e4 Re8 28. e5 dxe5 29. Qf5 exf4 30. Qxd7 fxg3 31. Qf5 Re2 32. Ne5 Qg7 33. Nd7 Rd8 34. Nf6+ Kf8 35. Nxh5 Qxc3 1-0

[Event "Quebec op"]
[Site "Montreal"]
[Date "1987.08.01"]
[Round "7"]
[White "Lesiege, Alexandre"]
[Black "Lagasse, Pascal"]
[Result "1-0"]
[WhiteElo "2069"]
[BlackElo "1935"]
[PlyCount "65"]
[EventDate "1987.07.26"]
[EventType "swiss"]
[EventRounds "8"]
[EventCountry "CAN"]
[SourceTitle "EXT 2022"]
[Source "ChessBase"]
[SourceDate "2021.10.06"]
[SourceVersion "1"]
[SourceVersionDate "2021.10.06"]
[SourceQuality "1"]

1. e4 c5 2. Nf3 d6 3. d4 cxd4 4. Nxd4 Nf6 5. Nc3 g6 6. Be3 Bg7 7. f3 0-0 8. Qd2 Nc6 9. Bc4 Bd7 10. 0-0-0 Ne5 11. Bb3 Rc8 12. h4 Nc4 13. Bxc4 Rxc4 14. h5 Nxh5 15. g4 Nf6 16. e5 Nxg4 17. fxg4 Bxg4 18. Rdg1 dxe5 19. Rxg4 h5 20. Qe2 Rxd4 21. Rgg1 e6 22. Bxd4 exd4 23. Ne4 Qd5 24. Kb1 Rd8 25. Rxh5 f5 26. Ng5 gxh5 27. Qxh5 d3 28. c4 Qd7 29. Qh7+ Kf8 30. Qg6 Re8 31. Nh7+ Ke7 32. Qxg7+ Kd8 33. Qxd7+ 1-0